Human capital and economic growth of Slovak cities

Možnosti vývoja modelu ekonomického rastu slovenských miest. Úloha ľudského kapitálu. Faktor miery aglomerácie, štandardný výrobný faktor z modelu Gregory N. Mankiwa, Davida Romera a Davida N. Weila. Určenie vhodnej veľkosti miest. Harmonizovaná definícia mesta, ktorú vypracovala Európska komisia a...

ver descrição completa

Na minha lista:
Detalhes bibliográficos
Autor principal: Rafaj, Oliver, 1989-
Formato: Capítulo de Livro
Idioma:inglês
Assuntos:
Tags: Adicionar Tag
Sem tags, seja o primeiro a adicionar uma tag!

MARC

LEADER 00000nla a2200000 4500
001 0239495
005 20240502073900.2
041 0 |a eng 
044 |a SK 
245 1 0 |a Human capital and economic growth of Slovak cities 
520 |a Možnosti vývoja modelu ekonomického rastu slovenských miest. Úloha ľudského kapitálu. Faktor miery aglomerácie, štandardný výrobný faktor z modelu Gregory N. Mankiwa, Davida Romera a Davida N. Weila. Určenie vhodnej veľkosti miest. Harmonizovaná definícia mesta, ktorú vypracovala Európska komisia a OECD. Skúmané obdobie 2001 - 2015. 
610 2 0 |a OECD 
610 2 0 |a Európska komisia 
610 2 0 |a rast hospodársky 
610 2 0 |a rast mikroekonomický 
610 2 0 |a rast hospodársky optimálny 
610 2 0 |a mestá 
610 2 0 |a kapitál ľudský 
610 2 0 |a faktory rastu hospodárskeho 
100 1 |a Rafaj, Oliver, 1989-